00636 2200217 4500001002100000005001500021035002000036007000300056008004100059020002200100082000800122084001400130100001700144245008500161250003900246260004500285300003900330650002200369700001100391990001600402INLIS00000000000176220250808014249 a0010-0825000038ta250808 e 0 ind  a978-602-03-3470-7 a172 a172 FRA e0 aFranz Magnis1 aEtika Politik :bPrinsip Moral Dasar Kenegaraan Modern /cFranz Magnis (Penulis) aCetakan Kesembilan, September 2018 aJakarta :bGramedia Pustaka Utama,c2018 axxix; 536 Halaman :bteks ;c20 cm 4aKode Etik Politik0 aSuseno a00000002656